<?xml version="1.0" encoding="UTF-8"?>
<record
    xmlns:xsi="http://www.w3.org/2001/XMLSchema-instance"
    xsi:schemaLocation="http://www.loc.gov/MARC21/slim http://www.loc.gov/standards/marcxml/schema/MARC21slim.xsd"
    xmlns="http://www.loc.gov/MARC21/slim">

  <leader>00826nam a22001937a 4500</leader>
  <datafield tag="999" ind1=" " ind2=" ">
    <subfield code="c">3812</subfield>
    <subfield code="d">3812</subfield>
  </datafield>
  <controlfield tag="003">DO-SdBJH</controlfield>
  <controlfield tag="005">20180607124542.0</controlfield>
  <controlfield tag="008">180607b           ||||| |||| 00| 0 spa d</controlfield>
  <datafield tag="020" ind1=" " ind2=" ">
    <subfield code="a">9993496502</subfield>
  </datafield>
  <datafield tag="040" ind1=" " ind2=" ">
    <subfield code="a">DO-SdBJH</subfield>
    <subfield code="b">spa</subfield>
    <subfield code="c">DO-SdBJH</subfield>
  </datafield>
  <datafield tag="082" ind1=" " ind2=" ">
    <subfield code="a">RD 864.42</subfield>
    <subfield code="b">H519ob</subfield>
  </datafield>
  <datafield tag="100" ind1=" " ind2=" ">
    <subfield code="a">Henr&#xED;quez Ure&#xF1;a, Pedro</subfield>
    <subfield code="d">1884-1946,</subfield>
  </datafield>
  <datafield tag="245" ind1=" " ind2=" ">
    <subfield code="a">Obras completas</subfield>
    <subfield code="b">Estudio Linguisticos y FILOLOGICOS</subfield>
    <subfield code="c">Pedro Henriquez Ure&#xF1;a.</subfield>
  </datafield>
  <datafield tag="260" ind1=" " ind2=" ">
    <subfield code="a">Santo Domingo, Rep&#xFA;blica Dominicana</subfield>
    <subfield code="b">Secretar&#xED;a de Estado de Cultura, $</subfield>
    <subfield code="c">2003</subfield>
  </datafield>
  <datafield tag="300" ind1=" " ind2=" ">
    <subfield code="a">IV vol&#xFA;menes</subfield>
    <subfield code="c">23 cm.</subfield>
  </datafield>
  <datafield tag="505" ind1=" " ind2=" ">
    <subfield code="a">V.1. Ficci&#xF3;n. -- v.2. Estudios literarios.-- v.3 Estudios m&#xE9;tricos.-- v.4 Estudios ling&#xFC;isticos y filol&#xF3;gicos.-- v.5 Escritos politicos, sociol&#xF3;gicos y filos&#xF3;ficos.</subfield>
  </datafield>
  <datafield tag="600" ind1=" " ind2=" ">
    <subfield code="2"> Colecciones de escritos</subfield>
    <subfield code="a">Henr&#xED;quez Ure&#xF1;a, Pedro</subfield>
    <subfield code="d">1884-1946</subfield>
  </datafield>
  <datafield tag="942" ind1=" " ind2=" ">
    <subfield code="2">ddc</subfield>
    <subfield code="c">BK</subfield>
  </datafield>
  <datafield tag="952" ind1=" " ind2=" ">
    <subfield code="0">0</subfield>
    <subfield code="1">0</subfield>
    <subfield code="2">ddc</subfield>
    <subfield code="4">0</subfield>
    <subfield code="7">0</subfield>
    <subfield code="8">RD</subfield>
    <subfield code="a">BANCWL</subfield>
    <subfield code="b">BANCWL</subfield>
    <subfield code="c">GEN</subfield>
    <subfield code="d">2018-06-07</subfield>
    <subfield code="i">AARD.00075</subfield>
    <subfield code="l">0</subfield>
    <subfield code="o">RD 864.42 H519ob</subfield>
    <subfield code="p">110401s20032003dr 00</subfield>
    <subfield code="r">2018-06-07 00:00:00</subfield>
    <subfield code="t">EJ.1</subfield>
    <subfield code="w">2018-06-07</subfield>
    <subfield code="y">BK</subfield>
  </datafield>
</record>
